LEADER 01387nam a2200301 i 4500 001 991001868859707536 005 20020507153007.0 008 000307s1987 it ||| | ita 020 $a8814012660 035 $ab11575876-39ule_inst 035 $aLE02726549$9ExL 040 $aDip.to Studi Giuridici$bita 082 0 $a342.4506 084 $aAM-III/A 084 $aAM-XV/A 111 2 $aConvegno di studi di scienza dell'amministrazione <30. ; 1984 ; Varenna>$0405093 245 13$aIl diritto amministrativo degli anni '80 :$batti del 30. Convegno di studi di scienza dell'amministrazione :$bpromosso dalla Amministrazione provinciale di Como :$bVarenna, Villa Monastero, 20-22 settembre 1984 /$cCentro studi amministrativi della Provincia di Como 260 $aMilano :$bA. Giuffrè,$c1987 300 $a462 p. ;$c26 cm. 650 4$aDiritto amministrativo$xCongressi 710 2 $aComo :$bCentro studi amministrativi 907 $a.b11575876$b02-04-14$c02-07-02 912 $a991001868859707536 945 $aLE027 AM-III/A 19$g2$i2027000205691$lle027$o-$pE0.00$q-$rl$s- $t0$u2$v1$w2$x0$y.i11781968$z02-07-02 945 $aLE027 AM-XV/A 8$g1$i2027000197415$lle027$o-$pE0.00$q-$rl$s- $t0$u1$v3$w1$x0$y.i1178197x$z02-07-02 996 $aDiritto amministrativo degli anni ?80$961955 997 $aUNISALENTO 998 $ale027$b01-01-00$cm$da $e-$fita$git $h3$i2 LEADER 01764nas 2200505- 450 001 9910513667603321 005 20221122213018.0 011 $a1120-6861 035 $a(OCoLC)556083100 035 $a(CKB)4340000000115181 035 $a(CONSER)--2018234857 035 $a(DE-599)ZDB2486760-3 035 $a(EXLCZ)994340000000115181 100 $a19901221a19909999 --- - 101 0 $aita 135 $aurcnu|||||||| 181 $ctxt$2rdacontent 182 $cc$2rdamedia 183 $acr$2rdacarrier 200 00$aArcheologia e calcolatori 210 1$a[Firenze] :$c[All'Insegna del Giglio],$d[1990]- 300 $aSome issues also have a distinctive title. 300 $aRefereed/Peer-reviewed 311 08$a2385-1953 606 $aArchaeology$xData processing$vPeriodicals 606 $aArchaeology$xData processing$2fast$3(OCoLC)fst00812950 606 $aArchäologie$2gnd 606 $aZeitschrift$2gnd 607 $aItalien$2gnd 608 $aPeriodicals.$2fast 608 $aZeitschrift. 615 0$aArchaeology$xData processing 615 7$aArchaeology$xData processing. 615 7$aArchäologie. 615 7$aZeitschrift. 676 $a930.1/028/5 712 02$aIstituto per l'archeologia etrusco-italica, 712 02$aUniversità di Siena.$bDipartimento di archeologia e storia delle arti, 712 02$aIstituto di studi sulle civiltà italiche e del Mediterraneo antico, 712 02$aConsiglio nazionale delle ricerche (Italy).$bDipartimento Patrimonio culturale, 712 02$aConsiglio nazionale delle ricerche (Italy).$bDipartimento Scienze umane e sociali, patrimonio culturale, 906 $aJOURNAL 912 $a9910513667603321 996 $aArcheologia e calcolatori$9891208 997 $aUNINA